各种知识 #24 General knowledge - Statistics

General Stats
  • This quiz has been taken 40 times
  • The average score is 7 of 20
Answer Stats
出题者 问题 答案 % Correct
pcktrsss 在普通的钟表上,每过10分钟,时针会转过多少角度 5
95%
pcktrsss 目前西藏自治区拥有的唯一一个领事馆是哪个国家的 尼泊尔
68%
pcktrsss 截止2024年末,唯一一个对中国实行全境个人旅游免签的发达国家是 新加坡
57%
pcktrsss 热的三种传播方式除了热传导、热辐射还有 热对流
51%
pcktrsss 在Minecraft中,苦力怕(爬行者)从开始点火到爆炸的时间秒数是 1.5
49%
pcktrsss 嫪毐私通的太后是 赵姬
43%
pcktrsss 多用于手机平板,通过模拟手指的电效应,能和屏幕间形成电流传递,这种原理的屏幕触控笔称为__笔 电容
41%
pcktrsss 希腊字母Κκ的读音是 kappa
41%
pcktrsss 出生于沈阳,出演《红高粱》成名,被誉为有“大地之母”的姿态的女演员是 巩俐
38%
pcktrsss 阿根廷首都布宜诺斯艾利斯的“布宜诺斯”在西班牙语中的本意是(一个字)
35%
pcktrsss 诗画滤镜代表、小巷气氛神器“油纸伞”,在伞面上涂的油是 熟桐油
32%
pcktrsss 用一个较小的旋转刀头对固定住的金属(等)材料进行形状加工,这种工艺叫
32%
pcktrsss 所有机动车必须参保,保险公司对发生交通事故造成他人伤亡损失进行赔付的保险,这个保险一般简称为 交强险
27%
pcktrsss 甘C、有色金属之城金昌,因其含有巨大储量的某种金属而被称为“_都”,这种最主要的金属是
27%
pcktrsss 每晚地铁运行结束后,地铁车辆除了回到停车场,还会回到 车辆段
24%
pcktrsss 东方卫视综艺《顶级厨师》第一季的三个评委,除了曹可凡、“中国乔布斯”刘一帆之外还有 李宗盛
19%
TMDDS “琼芝弥宇宙,硕器聿琳琚,启龄蒙颂体,嘉历协铭图”是明太祖朱元璋第二十三子____王的后代字辈(该支后人曾在明末短暂登上皇位)
16%
pcktrsss 动画《辛普森一家》中,三个孩子中的姐姐的名字是 丽莎·辛普森
14%
pcktrsss 关隘的隘,这个字用作宁波地名(如柳隘)的时候会读作(不需要音调)
11%
pcktrsss 退役于2024年,以2011年吃热狗打破世界纪录闻名的日本籍传奇美少年大胃王是 小林尊
3%
No matching quizzes found
Score Distribution
Percent of People with Each Score
Percentile by Number Answered
Your Score History
You have not taken this quiz